000 02534cam a22005774i 4500
003 PE-LiUPU
005 20250731180105.0
008 150617s r 000 0 d
020 _a9684260598
035 _a(Sirsi) i9789684260597
040 _aPE-LiUPU
_bspa
_cPE-LiUPU
_erda
049 _aPRUA
082 0 4 _a540.772
_bR66
_221
100 1 _aRisen, Willam M.,
_eautor.
245 1 0 _aProblemas de química general y ambiental /
_cWilliam M. Risen y George P. Flynn ; traducido por Hortensia Corona de Cotin.
264 1 _aMéxico :
_bEl Manual Moderno,
_c1979.
300 _a459 páginas ;
_c25 centímetros
336 _atext
_2rdacontent
337 _aunmediated
_2rdamedia
338 _avolume
_2rdacarrier
490 0 _aMT ;
_v9
505 0 _aCálculos científicos -- Composición de moléculas: fórmulas y pesos moleculares -- Leyes de los gases -- Ecuaciones y estequiometría -- Equilibrios gaseosos -- Concentraciones de las soluciones -- Equilibrios en solución -- Equilibrios de solubilidad -- Equilibrio ácido-base -- Termodinámica elemental -- Termodinámica -- Reacciones de oxidación-reducción -- Electroquímica -- Cinética química -- Propiedades atómicas y nucleares -- Enlaces en las moléculas -- Sólidos -- Química orgánica -- Bioquímica -- Química ambiental.
526 _aSEG44
526 _aSEG26
526 _aP159
526 _aP155
526 _aP154
526 _aP153
526 _aP150
526 _aP100
526 _aP31
526 _aP30
526 _aP26
526 _aP25
526 _aP24
526 _aP22
526 _aP15
526 _aP10
650 0 4 _aQuímica
_vProblemas, ejercicios, etc.
700 1 _aFlynn, George P.,
_eautor.
910 _ajck
_bjvq
_cjck
_d20150616
942 _2ddc
_cBOOK
949 _a540.772 R66
_wDEWEY
_c1
_i34278
_lCCODEBUL1
_mBUL
_r0
_sY
_tBOOK
_u2015-6-17
_xEDUCACION
_zUNKNOWN
_0COMPRA
_o.STAFF. Colección General
949 _a540.772 R66
_wDEWEY
_c2
_i34277
_lCCODEBUL1
_mBUL
_r0
_sY
_tBOOK
_u2015-6-17
_xEDUCACION
_zUNKNOWN
_0COMPRA
_o.STAFF. Colección General
994 _aC0
_bPEPRU
596 _a1
999 _a540.772 R66
_wDEWEY
_c19343
_i34278
_d19343
_f2021-11-5
_g5
_lCCODEBUL1
_mBUL
_q1
_r0
_sN
_tBOOK
_u2015-6-17
_xBIBLIOTECA
_zUNKNOWN
_0COMPRA
_o.STAFF. Colección General
999 _a540.772 R66
_wDEWEY
_c2
_i34277
_d2018-6-12
_f2021-11-5
_g5
_lCCODEBUL1
_mBUL
_q1
_r0
_sN
_tBOOK
_u2015-6-17
_xBIBLIOTECA
_zUNKNOWN
_0COMPRA
_o.STAFF. Colección General
980 _81
_gALBERTO SANCHEZ Responsable de Automatización